005450000a22001810004500090001700000245004700017041001400064700002900078700003200107700002900139700003500168700002600203700002700229100003400256942001300290773004300303999001700346 aASbSeriadas10aInventario de la biodiversidad en Colombia0 aEspañol1 aLowy C., Petter D.971681 aAguilar P., Mauricio9994891 aGarzón C., Aida9994901 aSánchez Cruz, Hernán969911 aRuiz C., Pedro9994911 aCastaño, Olga9994921 aRangel Ch., J. Orlando992819 cARTICULO1 tCespedesia3124h67q511-514d1996g21 c15080d15080